000 00895nac a22002897a 4500
001 BR0205017
003 BR-BrBNA
005 20240105122723.0
008 230509b bl.|||m| |||| 00| 0 por d
040 _aBR-BrBNA
_bpor
_cBiblioteca Nacional de Agricultura
072 _aK50
090 _a8901 BR0205017
100 1 _aPereira, J.C.D.
100 1 _aSchaitza, E.G.
100 1 _aCarvalho, P.E.R.
110 1 _aEMBRAPA Florestas, Colombo, PR (Brasil)
245 1 _aCaracterísticas físicas e químicas da madeira e da linha de Alnus subcordata
260 3 _aColombo, PR (Brasil):
_c2001.
300 _a4 p.
490 _aCircular Técnica - EMBRAPA Florestas (Brazil)
_vno. 52
_xISSN 1517-5278
500 _a6 ref.
650 _aMADEIRA
650 _aLENHA
650 _aPROPRIEDADE FÍSICO-QUÍMICA
909 _a202312
_bLúcia Elande
_c55
_dLúcia Elande
942 _2AGRIS
_n0
_cMS
999 _c292498
_d292498